000 00316nam a2200133Ia 4500
008 151213s9999 xx 000 0 und d
245 _aSAS / Users Guide Statistics Version - 6
250 _a5th
260 _bSAS Institution
_c1985
300 _a3002 p.
650 _aComputer
650 _aComputer
999 _c2089
_d2089